| 000 | 01116cad a22002295a 4500 | ||
|---|---|---|---|
| 001 | L150777 | ||
| 008 | 100902s2010 xxk f 000 0 eng d | ||
| 020 | _a9781409824542 | ||
| 035 | _a(Sirsi) u150777 | ||
| 041 | 0 | _aeng | |
| 050 | 0 | 4 | _a694.01 $2 18 |
| 110 | 2 |
_aUnited Kingdom _bDepartment for Communities and Local Government _94939 |
|
| 245 | 0 | 0 |
_aFire statistics monitor _bApril 2009 to March 2010 _h[electronic resource] |
| 260 |
_aLondon _bDepartment for Communities and Local Government _c2010 |
||
| 490 | 0 |
_aFire Statistics Monitor _v(03/10) |
|
| 520 | _aAnalysis of data for England for April 2009 to March 2010, the first twelve months under the new Incident Recording System (IRS); data includes fatalities and non-fatal casualties, fires, false alarms and non-fire incidents, analysis of fires in buildings of timber frame construction. | ||
| 590 | _aKA NTK | ||
| 651 | 4 |
_aEngland _y886- |
|
| 690 | _aMANAGEMENT-HEALTH AND SAFETY-FIRE SAFETY | ||
| 856 | 4 | 0 |
_uhttps://www.communities.gov.uk/documents/statistics/pdf/1693248.pdf _zView the website free of charge at www.communities.gov.uk |
| 942 | _n0 | ||
| 999 |
_c110978 _d110978 |
||